A szövetkezeti tagok érdekvédelme a termelő típusú szövetkezetekben vitaindító előadás /

Elmentve itt :
Bibliográfiai részletek
Szerző: Nagy László
Testületi szerző: Nemzetközi tudományos konferencia (1979) (Szeged)
Dokumentumtípus: Könyv része
Megjelent: 1979
Sorozat:A Szegedi József Attila Tudományegyetem Állam- és Jogtudományi Kar Mezőgazdasági és Munkajogi Tanszékének Kiadványai 4
A mezőgazdasági termelőszövetkezetek belső viszonyainak jogi szabályozása és annak továbbfejlesztése : nemzetközi tudományos konferencia : Szeged, 1979. november 29-30. 4
Kulcsszavak:Szövetkezeti jog - magyar - érdekvédelem, Termelőszövetkezet - mezőgazdasági
Tárgyszavak:
Online Access:http://acta.bibl.u-szeged.hu/44687
LEADER 01133naa a2200217 i 4500
001 acta44687
005 20211130112756.0
008 170404s1979 hu o 0|| hun d
040 |a SZTE Egyetemi Kiadványok Repozitórium  |b hun 
041 |a hun 
100 1 |a Nagy László 
245 1 2 |a A szövetkezeti tagok érdekvédelme a termelő típusú szövetkezetekben   |h [elektronikus dokumentum] :  |b vitaindító előadás /  |c  Nagy László 
260 |c 1979 
300 |a 230-247 
490 0 |a A Szegedi József Attila Tudományegyetem Állam- és Jogtudományi Kar Mezőgazdasági és Munkajogi Tanszékének Kiadványai  |v 4 
490 0 |a A mezőgazdasági termelőszövetkezetek belső viszonyainak jogi szabályozása és annak továbbfejlesztése : nemzetközi tudományos konferencia : Szeged, 1979. november 29-30.  |v 4 
650 4 |a Társadalomtudományok 
650 4 |a Jogtudomány 
695 |a Szövetkezeti jog - magyar - érdekvédelem, Termelőszövetkezet - mezőgazdasági 
710 |a Nemzetközi tudományos konferencia (1979) (Szeged) 
856 4 0 |u http://acta.bibl.u-szeged.hu/44687/1/mezgazjog_004_230-247.pdf  |z Dokumentum-elérés